| 000 | 01110nam a2200265 a 4500 | ||
|---|---|---|---|
| 001 | 000048182 | ||
| 005 | 20240229073833.0 | ||
| 008 | 181205s2017 dr ab r 000 0 spa d | ||
| 020 | _z9789945009798 | ||
| 040 |
_aDO-SdBNP _bspa _cBNPHU |
||
| 082 |
_a306.097293 _bA333d |
||
| 100 | 1 |
_aAlbert Batista, Celsa, _d1942- _930639 |
|
| 245 | 1 | 0 |
_aDiversidad e identidad en República Dominicana / _cCelsa Albert Batista ; prólogo Mateo Morrison. |
| 250 | _a4ta. ed. | ||
| 260 |
_aSanto Domingo : _bEditora Nacional ; _aEdiciones INDAASEL ; _aUniversidad Católica Santo Domingo, UCSD, _c2017. |
||
| 300 |
_a139 p. : _bil., mapas ; _c21 cm. |
||
| 500 | _aIncluye datos biográficos de la autora en las solapas. | ||
| 500 | _aIncluye referencias bibliográficas y notas al pie de las páginas. | ||
| 590 |
_aInventariado, 2019/BT _aBibliografía : p. 127-139. |
||
| 650 | 4 |
_aIdentidad cultural _zRepública Dominicana _91946 |
|
| 650 | 4 |
_aEtnicidad _zRepública Dominicana _97738 |
|
| 650 | 4 |
_aMulticulturismo _972662 |
|
| 700 | 1 |
_aMorrison, Mateo, _d1947- _epról. _91469 |
|
| 910 | _aValidado. Control de calidad. MFF | ||
| 999 |
_c47670 _d47670 |
||